000 00665nam a2200241 i 4500
001 C2-0292517
003 PPAK
005 20180728024532.0
008 090106s2007 nyua|||| ||||| | eng d
020 _a9781596432727
040 _aPPAK
_beng
_cPPAK
_erda
082 0 4 _a571.8
_223
090 0 0 _a571.8
_bSEE
_dLCK
100 1 _aSeeger, Laura Vaccaro,
_eauthor
245 1 0 _aFirst the egg
264 1 _aNew York :
_bRoaring Brook Press ,
_c2007
300 _a[26 pages] :
_bcolour illustrations ;
_c22 cm
336 _2rdacontent
_atext
337 _2rdamedia
_aunmediated
338 _2rdacarrier
_avolume
650 1 0 _aDevelopmental biology
942 _ddc
_cB
999 _c97382
_d97382